000 02434nam0a2200385 4500
001 RU\NLR\bibl\1010534
005 20260405100314.0
010 _a5-98322-209-0
_92000
021 _aRU
_b2006-62057
_93093
035 _a(NLR Aleph) 000998167
090 _a561644
_c561644
100 _a20061117d2006 |||y0rusy50 ca
101 0 _arus
102 _aRU
105 _aa |||||||||
200 1 _aЭндоскопическая диагностика заболеваний пищевода, желудка и тонкой кишки
_eучебное пособие
_eдля системы послевузовского профессионального образования врачей
_fН.Е. Чернеховская, В.Г. Андреев, Д.П. Черепянцев, А.В. Поваляев
210 _aМосква
_cМЕДпресс-информ
_d2006
215 _a191 с.
_cцв. ил.
_d24
300 _aНа обороте тит.л. авт.: Н.Е. Чернеховская, д.м.н., проф., В.Г. Андреев, д.м.н., проф., Д.П. Черепянцев: к.м.н., А.В. Поваляев, врач-эндоскопист
320 _aБиблиогр.: с. 190-191
606 1 _aПищевод
_jУчебные издания для последипломного образования
_xБолезни
_xЭндоскопия
_92201105
_3RU\NLR\auth\661322673
606 1 _aЖелудок
_jУчебные издания для последипломного образования
_xБолезни
_xЭндоскопия
_91046215
_3RU\NLR\auth\66403711
606 1 _aДвенадцатиперстная кишка
_jУчебные издания для последипломного образования
_xБолезни
_xЭндоскопия
_9922930
_3RU\NLR\auth\66338643
686 _aР413.1-433.5я77
686 _aР413.2-433.5я77
701 1 _aЧернеховская
_bН. Е.
_gНаталья Евгеньевна
_4070
701 1 _4070
_8rus
_7ca
_aАндреев
_bВ. Г.
_cд-р мед. наук
_gВладимир Георгиевич
_3RU\NLR\auth\7736524
_919514
701 1 _aЧерепянцев
_bД. П.
_gДмитрий Петрович
_4070
701 1 _aПоваляев
_bА. В.
_gАлексей Владимирович
_4070
801 0 _aRU
_bNLR
_c20061117
_grcr
801 1 _aRU
_bNLR
_c20061117
830 _aАвт. по кн
942 _cBOOK
980 _aNB